[Event "AUTO-ADV-2581"]
[Site "http://www.queenalice.com/game.php?id=1116766"]
[Date "2012.10.28"]
[Round "2"]
[White "njnnjn"]
[Black "miltonlovisk"]
[Result "1-0"]
[WhiteElo "1810"]
[BlackElo "2018"]

1. d4 d5 2. g3 Nc6 3. Bg2 Nf6 4. Nc3 Bf5 5. e3 e6 6. a3 a6 7. Nge2 h6 8. O-O Bd6
9. Na4 Qd7 10. c3 O-O 11. b4 Bg4 12. Ra2 Bxe2 13. Rxe2 Na7 14. f3 Nb5 15. Rc2
Nxa3 16. Bxa3 Qxa4 17. Ra2 Qb5 18. Qc2 Rfc8 19. Rc1 b6 20. Bf1 Qe8 21. Bd3 c5
22. bxc5 bxc5 23. Qb1 Qc6 24. Rcc2 c4 25. Be2 Rcb8 26. Rcb2 Rb5 27. Bxd6 Rxb2
28. Qxb2 Qxd6 29. Qb7 Qb8 30. Qxb8+ Rxb8 31. Rxa6 Rb3 32. Ra8+ Kh7 33. Rf8 Kg6
34. h4 Rxc3 35. e4 dxe4 36. fxe4 Nxe4 37. g4 f6 38. Rc8 Rg3+ 39. Kh2 c3 40. Rc6
Re3 41. Bc4 Nf2 42. Bxe6 c2 43. Bf5+ Kf7 44. Rxc2 Nd1 45. h5 Re7 46. Rc1 Ne3 47.
Bg6+ Ke6 48. Rg1 Kd5 49. Kh3 Kxd4 50. Ra1 Nd5 51. Ra4+ Ke3 52. Bf5 Nc3 53. Ra1
Kf4 54. Kh4 Re2 55. Rf1+ Ke5 56. Rf3 Rh2+ 57. Kg3 1-0

[Event "AUTO-ADV-2581"]
[Site "http://www.queenalice.com/game.php?id=1116767"]
[Date "2012.10.28"]
[Round "2"]
[White "Jlacerda"]
[Black "njnnjn"]
[Result "1-0"]
[WhiteElo "2091"]
[BlackElo "1799"]

1. e4 e5 2. Nf3 d6 3. d4 Bg4 4. dxe5 Bxf3 5. Qxf3 dxe5 6. Bc4 Qf6 7. Qb3 b6 8.
O-O Nd7 9. Be3 Nh6 10. Nc3 c6 11. a4 Bc5 12. a5 O-O 13. axb6 axb6 14. Bxc5 Rxa1
15. Rxa1 bxc5 16. h3 Rb8 17. Qa3 Qd8 18. Qa7 g6 19. Rd1 Rxb2 20. Rxd7 Qf6 21.
Bb3 Kh8 22. Qa3 Rxb3 23. Qxb3 Kg7 24. Na4 1-0

[Event "AUTO-ADV-2581"]
[Site "http://www.queenalice.com/game.php?id=1116768"]
[Date "2012.10.28"]
[Round "2"]
[White "njnnjn"]
[Black "Jlacerda"]
[Result "0-1"]
[WhiteElo "1799"]
[BlackElo "2086"]

1. d4 d5 2. g3 Nf6 3. Bg2 Bf5 4. Nf3 e6 5. O-O c6 6. Nc3 Bd6 7. e3 O-O 8. Nh4
Bg4 9. f3 Bh5 10. Bh3 Nbd7 11. Bd2 Qc7 12. b3 Bxg3 13. Qe2 Bxh4 14. Qg2 Qd6 15.
Na4 b5 16. Nc5 a5 17. Nxd7 Nxd7 18. Be1 Bxe1 19. Rfxe1 Bg6 20. c3 c5 21. a3 cxd4
22. cxd4 Rac8 23. Qd2 Rc2 24. Re2 Rxd2 25. Rxd2 Rc8 0-1

[Event "AUTO-ADV-2834"]
[Site "http://www.queenalice.com/game.php?id=1176249"]
[Date "2013.4.28"]
[Round "1"]
[White "Adneltl"]
[Black "njnnjn"]
[Result "1-0"]
[WhiteElo "2050"]
[BlackElo "1857"]

1. e4 g6 2. c3 Bg7 3. Bc4 d6 4. d3 Nc6 5. h3 Nf6 6. Be3 O-O 7. Nf3 Ne5 8. Nxe5
dxe5 9. O-O a6 10. Nd2 b5 11. Bb3 a5 12. a3 Qxd3 13. Nf3 Qxd1 14. Raxd1 1-0

[Event "AUTO-ADV-2834"]
[Site "http://www.queenalice.com/game.php?id=1176250"]
[Date "2013.4.28"]
[Round "1"]
[White "njnnjn"]
[Black "Adneltl"]
[Result "0-1"]
[WhiteElo "1849"]
[BlackElo "2058"]

1. d4 d5 2. Bf4 Nf6 3. Nf3 c6 4. Nc3 e6 5. e3 Bb4 6. Bd3 O-O 7. O-O Re8 8. a3
Ba5 9. b4 Bb6 10. Na4 Nbd7 11. c4 dxc4 12. Bxc4 Bc7 13. Bxc7 Qxc7 14. b5 Nb6 0-1

[Event "AUTO-ADV-2834"]
[Site "http://www.queenalice.com/game.php?id=1176263"]
[Date "2013.4.28"]
[Round "1"]
[White "njnnjn"]
[Black "Railton"]
[Result "0-1"]
[WhiteElo "1824"]
[BlackElo "1830"]

1. g3 a6 2. Bg2 d5 3. d4 c6 4. Nf3 Nd7 5. O-O h6 6. c3 e6 7. e3 Be7 8. b4 b5 9.
a4 Bb7 10. axb5 axb5 0-1

[Event "AUTO-ADV-2834"]
[Site "http://www.queenalice.com/game.php?id=1176264"]
[Date "2013.4.28"]
[Round "1"]
[White "Railton"]
[Black "njnnjn"]
[Result "1-0"]
[WhiteElo "1813"]
[BlackElo "1841"]

1. d4 d5 2. Nc3 e6 3. a3 Nf6 4. Bd2 Bd6 5. b4 O-O 6. e3 b6 7. Bd3 a6 8. Nf3 c5
9. bxc5 bxc5 10. Be2 cxd4 11. exd4 1-0

[Event "AUTO-ADV-2869"]
[Site "http://www.queenalice.com/game.php?id=1187424"]
[Date "2013.6.3"]
[Round "1"]
[White "jahe"]
[Black "njnnjn"]
[Result "1-0"]
[WhiteElo "1783"]
[BlackElo "1697"]

1. e4 e5 2. Nf3 d6 3. Bc4 f6 4. O-O Bg4 5. d3 Nc6 6. c3 Qe7 7. Nbd2 O-O-O 8. Qb3
Na5 9. Qb5 Nc6 10. Bd5 a6 11. Qb3 1-0

[Event "AUTO-ADV-2869"]
[Site "http://www.queenalice.com/game.php?id=1187425"]
[Date "2013.6.3"]
[Round "1"]
[White "njnnjn"]
[Black "jahe"]
[Result "0-1"]
[WhiteElo "1684"]
[BlackElo "1796"]

1. d4 Nf6 2. Nc3 e6 3. e3 d5 4. Nf3 Bb4 5. Bd2 Nc6 6. Bb5 O-O 7. Bxc6 bxc6 8.
Ne5 Qd6 9. Ng4 Nxg4 10. Qxg4 e5 0-1

[Event "AUTO-OPEN-3007"]
[Site "http://www.queenalice.com/game.php?id=1187778"]
[Date "2013.6.4"]
[Round "1"]
[White "njnnjn"]
[Black "Artking"]
[Result "0-1"]
[WhiteElo "1742"]
[BlackElo "1968"]

1. d4 Nf6 2. Bg5 e6 3. Nc3 d5 4. Nf3 c5 5. e3 Nbd7 6. Bb5 a6 7. Bxd7+ Bxd7 8.
O-O Bd6 9. b3 Qc7 10. Bxf6 gxf6 0-1

[Event "AUTO-OPEN-3007"]
[Site "http://www.queenalice.com/game.php?id=1187779"]
[Date "2013.6.4"]
[Round "1"]
[White "Artking"]
[Black "njnnjn"]
[Result "1-0"]
[WhiteElo "1975"]
[BlackElo "1735"]

1. Nf3 Nf6 2. d4 d5 3. c4 c6 4. Nc3 e6 5. e3 Bb4 6. Qc2 Bxc3+ 7. Qxc3 Na6 8. a3
O-O 9. Bd3 Bd7 10. b4 b5 11. cxb5 1-0